[Event "Barcelona 150 aniversity 6"]
[Site "Barcelona"]
[Date "2019.06.07"]
[Round "7.1"]
[White "Morales Rubiella, Albert"]
[Black "Sainsus, Iulia"]
[Result "1-0"]
[WhiteElo "1455"]
[BlackElo "1509"]
[PlyCount "69"]
[EventDate "2019.04.26"]
[EventType "swiss"]
[EventRounds "9"]
[EventCountry "ESP"]
[SourceTitle "EXT 2024"]
[Source "ChessBase"]
[SourceDate "2023.10.10"]
[SourceVersion "1"]
[SourceVersionDate "2023.10.10"]
[SourceQuality "1"]

1. d4 e5 2. c3 exd4 3. cxd4 d5 4. Bf4 Be6 5. Qb3 b6 6. Nc3 Nf6 7. e3 Bd6 8. Bg5 Be7 9. Nf3 0-0 10. Ne5 h6 11. Bxf6 Bxf6 12. f4 c5 13. Be2 Bh4+ 14. g3 Be7 15. Bf3 c4 16. Qb5 a6 17. Qa4 b5 18. Qc2 Qd6 19. 0-0 Nc6 20. Nxc6 Qxc6 21. e4 Bh3 22. Nxd5 Qd6 23. e5 Qd8 24. Nxe7+ Qxe7 25. Bxa8 Bxf1 26. Kxf1 Rxa8 27. Rd1 Qb7 28. Qg2 Qa7 29. d5 Rd8 30. d6 Kf8 31. Qc6 Qd7 32. Qxa6 Qh3+ 33. Kg1 Qe6 34. Qxb5 f6 35. Qd5 1-0

[Event "Barcelona 150 aniversity 6"]
[Site "Barcelona"]
[Date "2019.05.31"]
[Round "6.1"]
[White "Sainsus, Iulia"]
[Black "Castillo Rosa, Jose Luis"]
[Result "0-1"]
[WhiteElo "1509"]
[BlackElo "1613"]
[PlyCount "48"]
[EventDate "2019.04.26"]
[EventType "swiss"]
[EventRounds "9"]
[EventCountry "ESP"]
[SourceTitle "EXT 2024"]
[Source "ChessBase"]
[SourceDate "2023.10.10"]
[SourceVersion "1"]
[SourceVersionDate "2023.10.10"]
[SourceQuality "1"]

1. e4 c5 2. Nf3 d6 3. Bc4 a6 4. a4 Nc6 5. 0-0 Nf6 6. Nc3 e6 7. Ba2 Qc7 8. h3 Be7 9. d4 cxd4 10. Nxd4 0-0 11. Be3 Rd8 12. Qf3 Ne5 13. Qg3 Ng6 14. f4 d5 15. exd5 exd5 16. Rad1 Bb4 17. Nce2 Bd6 18. c3 Qd7 19. Bb1 Ne4 20. Qf3 Re8 21. f5 Nh4 22. Qg4 Qd8 23. Bh6 g6 24. f6 Bxg4 0-1

[Event "Barcelona 150 aniversity 6"]
[Site "Barcelona"]
[Date "2019.05.17"]
[Round "4.1"]
[White "Sainsus, Iulia"]
[Black "Morales Gesti, Jose Narciso"]
[Result "1-0"]
[WhiteElo "1509"]
[BlackElo "1288"]
[PlyCount "63"]
[EventDate "2019.04.26"]
[EventType "swiss"]
[EventRounds "9"]
[EventCountry "ESP"]
[SourceTitle "EXT 2024"]
[Source "ChessBase"]
[SourceDate "2023.10.10"]
[SourceVersion "1"]
[SourceVersionDate "2023.10.10"]
[SourceQuality "1"]

1. e4 g6 2. Bc4 e6 3. e5 d6 4. exd6 cxd6 5. Nc3 Bg7 6. d4 Nf6 7. Be3 d5 8. Bd3 0-0 9. Nf3 b6 10. 0-0 Bb7 11. Qd2 Nbd7 12. Bh6 Kh8 13. Bxg7+ Kxg7 14. Ne5 Nxe5 15. dxe5 Nd7 16. f4 Nc5 17. Qe2 Qc8 18. Qg4 Ba6 19. Rf3 Bxd3 20. cxd3 Qa6 21. d4 Nd7 22. Rh3 Rh8 23. Rf1 Qc8 24. f5 exf5 25. Rxf5 Nf8 26. Rhf3 Qe6 27. Rxf7+ Qxf7 28. Rxf7+ Kxf7 29. Nxd5 Ne6 30. Qf3+ Ke8 31. Nf6+ Ke7 32. Qb7+ 1-0